| 000 | 00971cam a2200289 a 4500 | ||
|---|---|---|---|
| 001 | 4832926 | ||
| 003 | OSt | ||
| 005 | 20150729222207.0 | ||
| 008 | 900424s2000 stka b 001 0 eng | ||
| 010 | _a 90006102 | ||
| 020 | _a9780007126408 | ||
| 040 |
_aDLC _cDLC _dDLC |
||
| 050 | 0 | 0 |
_aP118.2 _b.L37 1991 |
| 082 | 0 | 0 |
_a423 _bCOC _222 |
| 245 | 0 | 0 |
_aCollins COBUILD learner's dictionary / _ceditors: Christina Rammell ... et al.]. |
| 246 | 3 | _aLearner's dictionary | |
| 250 | _a2nd ed., concise ed. | ||
| 260 |
_aGlasgow : _bHarperCollins, _c2003. |
||
| 300 |
_axxii, 1322 p. : _bill. ; _c24 cm. |
||
| 504 | _aIncludes bibliographical references (p. [334]-393) and index. | ||
| 650 | 0 |
_aEnglish language _949890 _vDictionaries. |
|
| 650 | 0 |
_aEnglish language _xTextbooks for foreign speakers. _949894 |
|
| 700 | 1 |
_aRammell, Christina. _949895 |
|
| 710 | 2 |
_aUniversity of Birmingham. _949896 |
|
| 942 |
_2ddc _cBOOK |
||
| 999 |
_c37814 _d272314 |
||